000
00313nam a2200121Ia 4500
005
20251222143142.0
008
251222s9999||||xx |||||||||||||| ||spa||
082
_a
657.46/F18/T.I
100
_a
Falcón Sajami, Celso
245
0
_a
Estudio Contrable de los Tributos
264
_b
Fondo Editorial USMP
942
_c
LIB
999
_c
12329
_d
12329